| 000 | 00850nam a22002417a 4500 | ||
|---|---|---|---|
| 003 | BUBTL | ||
| 008 | 160810b xxu||||| |||| 00| 0 eng d | ||
| 020 | _a9788131792124 | ||
| 082 | _a530/ F438f/ 2013 | ||
| 100 |
_94982 _aFeynman, Richard P. |
||
| 245 |
_aThe Feynman Lectures On Physics: _bMainly Electromagnetism and Matter (Volume-2)/ _cRichard P. Feynman, Robert B. Leighton, Matthew Sands |
||
| 250 | _a1st Edn. | ||
| 260 |
_aNew York: _bPearson, _cc2013 |
||
| 300 |
_avii, 800 p.: _bills.; _c28 cm. |
||
| 500 | _aIncludes Index | ||
| 505 | _aPhysics, Richard P. Feynman, Robert B. Leighton, Matthew Sands, The Feynman Lectures On Physics | ||
| 650 | 0 |
_9167 _aPhysics |
|
| 700 |
_94983 _aLeighton, Robert B. |
||
| 700 |
_94984 _aSands, Matthew |
||
| 856 |
_k0 _l0 _yDownload |
||
| 942 |
_2ddc _cBK |
||
| 999 |
_c5328 _d5328 |
||